Aprendizaje cooperativo. Gastronomía hispanoamericana: cocinando todos y para todos

Gespeichert in:
Bibliographische Detailangaben
1. Verfasser: Varela Cano, Diana Patricia, 1964-
Format: Buchkapitel
Sprache:Spanisch
Schlagworte:
Tags: Tag hinzufügen
Keine Tags, Fügen Sie das erste Tag hinzu!

MARC

LEADER 00000naa$a2200000$$$4500
001 0241122
005 20240502083647.1
041 0 |a spa 
044 |a HU 
245 1 0 |a Aprendizaje cooperativo. Gastronomía hispanoamericana: cocinando todos y para todos  |c Diana Patricia Varela Cano 
610 2 0 |a vzdelávanie 
610 2 0 |a kooperácia 
610 2 0 |a skupiny pracovné 
610 2 0 |a študenti 
610 2 0 |a španielčina 
610 2 0 |a gastronómia 
100 1 |a Varela Cano, Diana Patricia, 1964-